000 00242nam a22001217a 4500
003 SGT
082 _a823
_bSPA
100 _aSPARKS NICHOLAS
245 _aDEAR JOHN
260 _aDELHI
_bSPHERE PUB
_c2007
300 _a352
942 _2ddc
_cBK
999 _c34065
_d34065